Tinta Negra 1 : (Registro nro. 101)
[ vista simple ]
| 000 -LEADER | |
|---|---|
| fixed length control field | 02018nam a22002777a 4500 |
| 003 - CONTROL NUMBER IDENTIFIER | |
| control field | OSt |
| 005 - DATE AND TIME OF LATEST TRANSACTION | |
| control field | 20250228090843.0 |
| 008 - FIXED-LENGTH DATA ELEMENTS--GENERAL INFORMATION | |
| fixed length control field | 231005s2015 ag ||||| |||| 00| 0 spa d |
| 020 ## - INTERNATIONAL STANDARD BOOK NUMBER | |
| International Standard Book Number | 9789871652068 |
| 040 ## - CATALOGING SOURCE | |
| Transcribing agency | besoc |
| 245 ## - TITLE STATEMENT | |
| Title | Tinta Negra 1 : |
| Remainder of title | Cuentos policiales / |
| Statement of responsibility, etc. | Poe ... [et al.] |
| 260 ## - PUBLICATION, DISTRIBUTION, ETC. | |
| Place of publication, distribution, etc. | Buenos Aires : |
| Name of publisher, distributor, etc. | La Estación, |
| Date of publication, distribution, etc. | 2015 |
| 300 ## - PHYSICAL DESCRIPTION | |
| Extent | 175 p. |
| 505 1# - FORMATTED CONTENTS NOTE | |
| Formatted contents note | Bienvenidos a la estación de Tinta negra 1 -- La carta robada / Edgar Allan Poe -- Un caso de identidad / Sir Arthur Conan Doyle -- Los tres instrumentos de la muerte / Gilbert Keith Chesterton -- Simbiosis / Rodolfo Walsh -- La pesca / Velmiro Ayala Gauna -- Una Hora / Dashiell Hammett -- Nido de avispas / Agatha Christie -- Por amor a la señorita Blandish / Ramón Díaz Eterovic -- Trabajos en la estación -- Cuadros de movimientos literarios.- |
| 520 ## - SUMMARY, ETC. | |
| Summary, etc. | Otra antología de cuentos policiales. Porque la literatura siempre encuentra el camino de sus lectores, y la repetición es parte de la norma. Repetición e innovación, son los extremos del péndulo. Repetir, copiar modelos, seguir pautas y estilos. Innovar, crear, cambiar, romper el molde. Quizá sea el género policial el que más claramente sigue estos principios. En esta antología nos propusimos dar a conocer a los jóvenes lectores las leyes y preceptos del género, las bases sobre las que se asienta una tradición que no ha perdido seguidores con el pasar de los años, sino que los ha ganado en los nuevos formatos que la ficción propone. K.E. |
| 650 #4 - SUBJECT ADDED ENTRY--TOPICAL TERM | |
| Topical term or geographic name entry element | Literatura |
| Form subdivision | Cuentos policiales |
| General subdivision | Colección juvenil |
| 700 1# - ADDED ENTRY--PERSONAL NAME | |
| Personal name | Poe, Edgar Alan |
| Dates associated with a name | 1809-1849 |
| Relator term | autor |
| 700 1# - ADDED ENTRY--PERSONAL NAME | |
| Personal name | Doyle, Arthur Conan, |
| Dates associated with a name | 1859-1930 |
| Relator term | autor |
| 700 1# - ADDED ENTRY--PERSONAL NAME | |
| Personal name | Chesterton, Gilbert Keith |
| Dates associated with a name | 1874-1936 |
| Relator term | autor |
| 700 1# - ADDED ENTRY--PERSONAL NAME | |
| Personal name | Walsh, Rodolfo, |
| Dates associated with a name | 1927-1977 |
| Relator term | autor |
| 700 1# - ADDED ENTRY--PERSONAL NAME | |
| Personal name | Ayala Gauna, Velmiro |
| Dates associated with a name | 1905-1967 |
| Relator term | autor |
| 700 1# - ADDED ENTRY--PERSONAL NAME | |
| Personal name | Hammett, Dashiell |
| Relator term | autor |
| Dates associated with a name | 1894-1961 |
| 700 1# - ADDED ENTRY--PERSONAL NAME | |
| Personal name | Christie, Ágata |
| Dates associated with a name | 1890-1976 |
| Relator term | autor |
| 700 1# - ADDED ENTRY--PERSONAL NAME | |
| Personal name | Diaz Eterovic, Ramon |
| Dates associated with a name | 1956- |
| Relator term | autor |
| 942 ## - ADDED ENTRY ELEMENTS (KOHA) | |
| Source of classification or shelving scheme | Universal Decimal Classification |
| Koha item type | Obra General |
| Suppress in OPAC | No |
| Withdrawn status | Lost status | Source of classification or shelving scheme | Damaged status | Not for loan | Collection | Home library | Current library | Date acquired | Total checkouts | Full call number | Barcode | Date last seen | Price effective from | Koha item type | Source of acquisition | Copy number |
|---|---|---|---|---|---|---|---|---|---|---|---|---|---|---|---|---|
| Universal Decimal Classification | Colección General | Biblioteca Escuela de Ciencias Sociales | Biblioteca Escuela de Ciencias Sociales | 09/10/2023 | 82-34 T593 | 000601 | 09/10/2023 | 09/10/2023 | Obra General | |||||||
| Universal Decimal Classification | Colección General | Biblioteca Escuela de Ciencias Sociales | Biblioteca Escuela de Ciencias Sociales | 16/04/2026 | 82-34 T593 | 000238 | 16/04/2026 | 16/04/2026 | Obra General | Donación 2023 | Ej. 2 |